| 000 | 02929nam a22004217a 4500 | ||
|---|---|---|---|
| 003 | CHAP | ||
| 005 | 20251008105305.0 | ||
| 008 | 060329d2005 mx r 00110 spa d | ||
| 010 | _a91965 | ||
| 011 | _a92937 | ||
| 035 | _a103504 | ||
| 040 | _cCHAP | ||
| 090 | _aTesis | ||
| 100 | 1 | _aCorona Pérez, Ariadna. | |
| 245 | 1 | 3 |
_aEl ecoturismo, una alternativa para el desarrollo del turismo en el estado de Tlaxcala / _cpor Ariadna Corona Pérez y Sofía Cruz López; Abiel Aguilar Reyna |
| 260 |
_aChapingo, Méx. : _bEl autor, _c2005. |
||
| 264 | 1 |
_aChapingo, Méx. : _bEl autor, _c2005. |
|
| 300 |
_a91 h. ; _banexos |
||
| 502 |
_bLicenciado en Comercio Internacional de Productos Agropecuarios. _bLicenciado en Administración de Empresas Agropecuarias. _cDivisión de Ciencias Económico Administrativas, _d2005. |
||
| 520 | _aLas actividades ecoturísticas en México están en una fase de inicio y desarrollo por lo cual se observa la necesidad de crear planes y estrategias que apoyen su fomento y evolución para así poder aprovechar al máximo todos los beneficios que estas actividades pueden ofrecer y de igual manera crear una conciencia ecológica en todos los habitantes del país. En específico, el Estado de Tlaxcala cuenta con atractivos lugares que pueden ser desarrollados para esta actividad Ecoturística, solo que se observa poco interés por parte las instancias Gubernamentales para ampliar dichas actividades, es por esto que se presenta la oportunidad de establecer actividades que sirvan para la estructuración de un Plan de Promoción que ayude a crear una nueva conciencia en cuanto a la actividad Ecoturística. De igual forma, es de suma importancia crear una conciencia de conservación ecológica en todos los habitantes de la zona, la cual contribuya al éxito del Plan de Promoción, no solo del Estado de Tlaxcala sino de todas las Zonas Ecoturísticas del País para así lograr la creación de una actividad económica sustentable que mejore las condiciones de vida, en especial de la población indígena de México con la creación de nuevos empleos y fuentes de ingresos económicos. | ||
| 590 |
_aALEPH _b10 _c20130110 |
||
| 590 |
_aBATCH-UPD _b10 _c20130110 |
||
| 590 |
_aBATCH-UPD _b10 _c20130410 |
||
| 590 |
_aBATCH-UPD _b10 _c20130410 |
||
| 590 |
_aBATCH-UPD _b10 _c20130914 |
||
| 590 |
_aCONVERSION _b10 _c20130109 |
||
| 650 | 1 | 4 | _aEcoturismo. |
| 650 | 1 | 4 |
_aRecursos naturales _xConservación _zTlaxcala. |
| 650 | 1 | 4 |
_aTurismo _zTlaxcala. |
| 700 | 1 | _aCruz López, Sofía. | |
| 700 | 1 |
_aAguilar Reyna, Abiel _edirector. |
|
| 856 | 4 | 2 |
_uhttp://10.13.5.2/tesis/103504.pdf _yDESCARGAR PDF |
| 901 | _aBK | ||
| 905 | _aAlejandra Carrasco M. | ||
| 942 |
_cTesis _2Clasificación Universidad Autónoma Chapingo |
||
| 949 |
_aTesis _bBC _cTES _d00000001035041 _eTS1 _gDonaciØn _h44971 _i103504 _sb |
||
| 949 |
_aTesis _bBC _cTES _d33724000999389 _eTS2 _fc.2 _gDonaciØn _h44972 _i103504 _si |
||
| 999 |
_c91965 _d91965 |
||